000 00647nam a2200229Ia 4500
003 OSt
005 20220918192545.0
006 a|||||r|||| 00| 0
007 ta
008 220917b |||||||| |||| 00| 0 eng d
024 _a68,991
037 _cTextual
040 _aARTS
_cARTS
_beng
041 _2eng
_aeng
082 _aR3:Q, F1
100 _aWebb Clement C J
_975409
245 0 _aDivine personality and human life
260 _c1921
490 _aUniversity of Aberdeen , Gifford lectures , 1919. Library of philosophy ed by J H Muirhead; 26
942 _hR3:Q, F1
_cTEXL
_2CC
999 _c195154
_d195154